000
00284nam a2200109 a 4500
005
20201002044917.0
008
140402s1971 000 spa d
100
_a
Wilde, Oscar
_9
64295
245
0
_a
Sus mejores cuentos.
260
_a
Madrid -- Libra,
_c
1971 -- 161 p.
999
_c
43161
_d
43161
040
_a
DO-SdBNP